<?xml version="1.0" encoding="UTF-8"?>
<record
    xmlns:xsi="http://www.w3.org/2001/XMLSchema-instance"
    xsi:schemaLocation="http://www.loc.gov/MARC21/slim http://www.loc.gov/standards/marcxml/schema/MARC21slim.xsd"
    xmlns="http://www.loc.gov/MARC21/slim">

  <leader>00968nam0a22002651  4500</leader>
  <controlfield tag="001">rc\2125461</controlfield>
  <controlfield tag="005">20260406000257.0</controlfield>
  <datafield tag="035" ind1=" " ind2=" ">
    <subfield code="a">(NLR Aleph) 006489527</subfield>
  </datafield>
  <datafield tag="090" ind1=" " ind2=" ">
    <subfield code="a">6117815</subfield>
    <subfield code="c">6117815</subfield>
  </datafield>
  <datafield tag="100" ind1=" " ind2=" ">
    <subfield code="a">20110829d1979    |||y0rusy50      ca</subfield>
  </datafield>
  <datafield tag="101" ind1="1" ind2=" ">
    <subfield code="a">rus</subfield>
    <subfield code="c">tat</subfield>
  </datafield>
  <datafield tag="102" ind1=" " ind2=" ">
    <subfield code="a">RU</subfield>
  </datafield>
  <datafield tag="105" ind1=" " ind2=" ">
    <subfield code="a">y   z   |||a|</subfield>
  </datafield>
  <datafield tag="200" ind1="1" ind2=" ">
    <subfield code="a">&#x41C;&#x430;&#x43B;&#x44B;&#x448; &#x438;&#x433;&#x440;&#x430;&#x435;&#x442; &#x43D;&#x430; &#x43A;&#x443;&#x440;&#x430;&#x435;</subfield>
    <subfield code="e">&#x41F;&#x44C;&#x435;&#x441;&#x430; &#x434;&#x43B;&#x44F; &#x442;&#x435;&#x430;&#x442;&#x440;&#x43E;&#x432; &#x43A;&#x443;&#x43A;&#x43E;&#x43B; &#x432; 2 &#x430;&#x43A;&#x442;&#x430;&#x445;</subfield>
    <subfield code="f">&#x41F;&#x435;&#x440;. &#x441; &#x442;&#x430;&#x442;&#x430;&#x440;. &#x438; &#x441;&#x446;&#x435;&#x43D;. &#x440;&#x435;&#x434;. &#x421;. &#x41F;&#x440;&#x43E;&#x43A;&#x43E;&#x444;&#x44C;&#x435;&#x432;&#x43E;&#x439;</subfield>
    <subfield code="g">&#x41E;&#x442;&#x432;. &#x440;&#x435;&#x434;. &#x421;. &#x422;&#x435;&#x440;&#x435;&#x43D;&#x442;&#x44C;&#x435;&#x432;&#x430;</subfield>
  </datafield>
  <datafield tag="210" ind1=" " ind2=" ">
    <subfield code="a">&#x41C;&#x43E;&#x441;&#x43A;&#x432;&#x430;</subfield>
    <subfield code="c">&#x412;&#x410;&#x410;&#x41F;-&#x438;&#x43D;&#x444;&#x43E;&#x440;&#x43C;</subfield>
    <subfield code="d">1979</subfield>
  </datafield>
  <datafield tag="215" ind1=" " ind2=" ">
    <subfield code="a">29 &#x43B;.</subfield>
    <subfield code="d">29</subfield>
  </datafield>
  <datafield tag="700" ind1=" " ind2="1">
    <subfield code="8">rus</subfield>
    <subfield code="7">ca</subfield>
    <subfield code="a">&#x411;&#x430;&#x442;&#x443;&#x43B;&#x43B;&#x438;&#x43D;</subfield>
    <subfield code="b">&#x420;. &#x41C;.</subfield>
    <subfield code="f">1938-</subfield>
    <subfield code="g">&#x420;&#x43E;&#x431;&#x435;&#x440;&#x442; &#x41C;&#x443;&#x445;&#x43B;&#x438;&#x441;&#x43E;&#x432;&#x438;&#x447;</subfield>
    <subfield code="3">RU\NLR\AUTH\77109838</subfield>
    <subfield code="9">92763</subfield>
  </datafield>
  <datafield tag="702" ind1=" " ind2="1">
    <subfield code="a">&#x422;&#x435;&#x440;&#x435;&#x43D;&#x442;&#x44C;&#x435;&#x432;&#x430;</subfield>
    <subfield code="b">&#x421;.</subfield>
    <subfield code="4">340</subfield>
  </datafield>
  <datafield tag="702" ind1=" " ind2="1">
    <subfield code="a">&#x41F;&#x440;&#x43E;&#x43A;&#x43E;&#x444;&#x44C;&#x435;&#x432;&#x430;</subfield>
    <subfield code="b">&#x421;.</subfield>
    <subfield code="4">570</subfield>
  </datafield>
  <datafield tag="801" ind1=" " ind2="0">
    <subfield code="a">RU</subfield>
    <subfield code="b">NLR</subfield>
    <subfield code="g">psbo</subfield>
  </datafield>
  <datafield tag="801" ind1=" " ind2="1">
    <subfield code="a">RU</subfield>
    <subfield code="b">ELAR</subfield>
    <subfield code="2">rusmarc</subfield>
  </datafield>
  <datafield tag="852" ind1=" " ind2=" ">
    <subfield code="a">NLR</subfield>
    <subfield code="j">79-8/722</subfield>
  </datafield>
  <datafield tag="942" ind1=" " ind2=" ">
    <subfield code="c">BOOK</subfield>
  </datafield>
  <datafield tag="980" ind1=" " ind2=" ">
    <subfield code="a">NB</subfield>
  </datafield>
  <datafield tag="995" ind1=" " ind2=" ">
    <subfield code="5">2013-10-26</subfield>
    <subfield code="b">NLR01</subfield>
    <subfield code="c">NLR01</subfield>
    <subfield code="e">RF9</subfield>
    <subfield code="f">6489527-10</subfield>
    <subfield code="k">79-8/722</subfield>
    <subfield code="o">0</subfield>
    <subfield code="r">BOOK</subfield>
    <subfield code="s">798722_</subfield>
  </datafield>
</record>
